| 000 | 00743nam a22001937a 4500 | ||
|---|---|---|---|
| 005 | 20240530110505.0 | ||
| 008 | 151007s2011 ua g 000 0 ara d | ||
| 017 |
_a23745 _bمصر . دار الكتب المصرية |
||
| 020 | _a970526983 | ||
| 040 | _aEG-CaGPL | ||
| 082 | 0 | 4 |
_221 _a371.207\ _bأ م |
| 100 | 0 | 4 | _aمحمود ابراهيم سعد |
| 245 | 1 | 2 |
_aالمخطط التعليمى : _bدوره فى ربط البحث بصنع السياسية التعليمية / _cمحمود ابراهيم سعد |
| 260 |
_aالقاهرة : _bمكتبة الانجلو المصرية ، _c2011 . |
||
| 300 |
_a304 ص ؛ _c24 سم . |
||
| 650 | 0 | 4 | _aالتخطيط التربوى |
| 650 | 0 | 4 | _aالسياسة التعليمية |
| 942 |
_2ddc _cBK |
||
| 999 |
_c61552 _d61552 |
||